Teatro medieval
Сохранить в:
| Главный автор: | |
|---|---|
| Формат: | Неизвестно |
| Язык: | английский |
| Опубликовано: |
Madrid, España
Cátedra
2019
|
| Редактирование: | Cuarta edición |
| Предметы: | |
| Метки: |
Добавить метку
Нет меток, Требуется 1-ая метка записи!
|
MARC
| LEADER | 00000 a2200000 4500 | ||
|---|---|---|---|
| 003 | CL-VaPUC | ||
| 005 | 20210730120525.0 | ||
| 008 | 210616b ||||| |||| 00| 0 eng d | ||
| 999 | |c 433137 |d 433135 | ||
| 020 | |a 978-84-376-2589-8 | ||
| 040 | |c Pontificia Universidad Católica de Valparaíso | ||
| 082 | |a 862 PER 2019 | ||
| 100 | |a Pérez Priego, Miguel Angel (editor) |9 861440 | ||
| 245 | |a Teatro medieval | ||
| 250 | |a Cuarta edición | ||
| 260 | |a Madrid, España |b Cátedra |c 2019 | ||
| 300 | |a 381 páginas | ||
| 583 | |k Cristina Rojas |c 20210617 | ||
| 650 | 0 | |a Teatro medieval |9 362730 |z España | |
| 942 | |2 ddc |c BK | ||
| 952 | |0 0 |1 0 |2 ddc |4 0 |6 862_000000000000000_PER_2019 |7 0 |8 A |9 578190 |a BIBEDU |b BIBEDU |d 2021-06-16 |e 3 |g 0.00 |i 5584787 |o 862 PER 2019 |p 5584787 |r 2021-06-16 |t 1 |v 0.00 |w 2021-06-16 |y BK |k LIT | ||